Письма Игоря Александровича Кривошеина своей матери Е.Г. Кривошеиной

Доступно только в Электронных читальных залах Найти на картеНа карте
RUSMARC
00003867nmc2a22002653x 450
00123f821aa-c4fe-41d2-838a-b88e4e4752e5
00520251226144159.0
100##$a20250624l19081917k l0rusy0189 ca
1010#$arus
$afre
102##$aRU
105##$aa###
1222#$ad
2001#$aПисьма Игоря Александровича Кривошеина своей матери Е.Г. Кривошеиной
$j25 декабря 1908 г. - 22 марта 1917 г.
215##$a13 л.
$cил.; рис.
$d32,5х26 см
251##$cДело
300##$aПисьма разных лиц к Е.Г. Кривошеиной
300##$aНа русском и французском языках
300##$aНа обложке указано: "Е.Г. Кривошеина (урожденная Карпова)"
371##$aДокумент не является опубликованным и широко распространяемым
461#0$10014a7d475a-da6a-4fe5-ac12-54e1d873a03e
$12001
$aКривошеин Александр Васильевич
$1251
$cФонд
$1852
$j1571
462#0$10019af0f408-9074-482a-a22c-3a631489d173
$12001
$aЛичные документы Е.Г. Kривошеиной и ее сыновей; письма ей членов семьи и других лиц
$1251
$cОпись
$1852
$j2
801#0$aRU
$bРГИА
$c20250624
$gRCR
801#1$aRU
$bГлавНИВЦ
$c20250624
$2rusmarc
801#2$aRU
$bПБ им. Б.Н. Ельцина
$c20251226
$gRCR
$2rusmarc
850##$aРГИА
852##$aРГИА
$eФедеральное казенное учреждение "Российский государственный исторический архив" (РГИА)
$j88
937##$hРГИА
$d12423957
$aASBIBLIO_SCAN
035##$aRusGRCC00088198
856##$uhttp://readingroom.main.prlib.ru/item.aspx?id_node=n199884437&mode=full
Формат отображения